Praktische Mathematik - Statistiken

Allgemein
  • Dieses Quiz wurde 1.391 mal gespielt
  • Das Durchschnittsergebnis liegt bei 8 aus 12
Antwortstatistiken
Frage Antwort % Korrekt
Wenn 3% des Geldes auf einem Konto 750€ sind, wie viel Geld ist dann auf dem Konto? 25000€
83%
Zu was für einem Zinssatz ist Geld angelegt, wenn man bei einer Geldanlage von 5000€ nach einem Jahr 25€ Zinsen bekommt? 0,5%
82%
Wie viele Liter Wasser passen in ein Aquarium mit einem Kubikmeter Fassungsvermögen? 1.000
82%
Wenn man auf eine Jacke mit dem Preis 100€ einen Rabatt von 20% bekommt und dann den reduzierten Preis nochmal um 30% reduziert, wie viel kostet die Jacke dann noch (in €)? 56
81%
Wenn ich 2/3 des Geldes auf meinem Konto abhebe und dann nochmal die Hälfte vom Rest überweise, wie viel bleibt dann noch auf dem Konto? 1/6
77%
Was für einen Flächeninhalt hat ein rechtwinkliges Dreieck, dessen Katheten 3cm und 4cm lang sind? 6 Quadratzentimeter
74%
Wenn ein Videospiel-Boss 3000 Lebenspunkte und keinerlei Schadensreduktion hat, wie viele Treffer braucht man dann, um ihn mit einer Waffe, die einen Grundschaden von 80 hat, zu töten, wenn man durch einen Talisman noch 150% extra Schaden macht? 15
66%
Wie viele Stunden sind 153 Minuten? 2,55
66%
Wenn auf einem Kindergeburtstag jedes Kind genauso viele Bonbons bekommt wie Kinder da sind und es wurden 196 Bonbons verteilt, wie viele Kinder sind dann auf dem Geburtstag? 14
61%
Wie viele Millisekunden enthält eine Stunde? 3.600.000
59%
Wenn Läufer 1 konstant mit 7,3 km/h läuft und Läufer 2 konstant mit 6,3 km/h und Läufer 2 einen Vorsprung von 1,5km zum Start hat, ab der wievielten Minute überholt Läufer 1 Läufer 2 dann? 91. Minute
44%
Wenn in einer Liga mit 16 Teilnehmern jedes Team einmal gegen jedes Team spielt, wie viele Spiele finden dann insgesamt statt? 120
29%
Keine übereinstimmenden Quizze gefunden
Verteilung der Resultate
Anzahl Personen mit jedem Resultat
Perzentil nach korrekt beantworteten Fragen
Ihre Resultats-Entwicklung
Sie haben dieses Quiz noch nicht gespielt